| 000 | 00360nam a2200121Ia 4500 | ||
|---|---|---|---|
| 008 | 210430s9999 xx 000 0 und d | ||
| 082 | _a668.9 S893 S | ||
| 100 |
_aTakeo Araki _952807 |
||
| 245 |
_aStructure and Properties of Multiphase Polymeric Materials _cTakeo Araki |
||
| 260 |
_aNew York _bMarcel Dekker, Inc. _c1998 |
||
| 300 | _a461 P | ||
| 942 |
_cBK _2ddc |
||
| 999 |
_c562265 _d562265 |
||